Normal view
MARC view
Entry Topical Term
001 - CONTROL NUMBER
- control field: 6542
003 - CONTROL NUMBER IDENTIFIER
- control field: BD-RjUL
005 - DATE AND TIME OF LATEST TRANSACTION
- control field: 20230112113800.0
008 - FIXED-LENGTH DATA ELEMENTS
- fixed length control field: 230112|| aca||aabn | a|a d
040 ## - CATALOGING SOURCE
- Original cataloging agency: BD-RjUL
- Transcribing agency: BD-RjUL
150 ## - HEADING--TOPICAL TERM
- Topical term or geographic name entry element: Christianity and other religions
- General subdivision: Islam
- Form subdivision: Early works to 1800
670 ## - SOURCE DATA FOUND
- Source citation: Work cat.: (BD-RjUL)81055: Ibn Taymīyah, Aḥmad ibn ʿAbd al-Ḥalīm ,ابن تيمية، أحمد بن عبد الحليم. 1263-1328. 6538, al-Jawāb al-ṣaḥīḥ li-man baddala dīn al-Masīḥ /الجواب الصحيح لمن بدل دين المسيح /, 1905.